000 00453nam a2200157 i 4500
001 49987
003 ES-MaACL
005 20230906162110.0
007 t|
008 030728s1905 fr ||||1| fre d
100 1 _aCresson, André.
_941564
245 1 3 _aLa malaise de la pensée philosophique /
_cpar André Cresson.
260 _aParis :
_bFélix Alcan,
_c1905 (
_eLyon :
_fLyon Schneider)
300 _a199 p. ;
_c18 cm.
852 _aES-MaACL
_jF-11936
999 _c49987
_d49987